<?xml version="1.0" encoding="UTF-8"?>
<collection xmlns="http://www.loc.gov/MARC21/slim">
<record>
  <controlfield tag="000">04620cam\a2200577\\\4500</controlfield>
  <controlfield tag="001">164134</controlfield>
  <controlfield tag="005">20251009092308.0</controlfield>
  <controlfield tag="008">911121s1624\\\\enk||||\\\\\\\00|\||eng\d</controlfield>
  <datafield tag="035" ind1=" " ind2=" ">
    <subfield code="9">ESTCS111882</subfield>
  </datafield>
  <datafield tag="035" ind1=" " ind2=" ">
    <subfield code="a">164134</subfield>
  </datafield>
  <datafield tag="040" ind1=" " ind2=" ">
    <subfield code="a">Cu-RivES</subfield>
    <subfield code="c">Cu-RivES</subfield>
    <subfield code="d">CStRLIN</subfield>
    <subfield code="d">Cu-RivES</subfield>
    <subfield code="e">dcrb</subfield>
    <subfield code="d">UtOrBLW</subfield>
  </datafield>
  <datafield tag="043" ind1=" " ind2=" ">
    <subfield code="a">n-us-va</subfield>
    <subfield code="a">n-usn--</subfield>
    <subfield code="a">lnbm---</subfield>
  </datafield>
  <datafield tag="090" ind1=" " ind2=" ">
    <subfield code="h">06/25/96 T</subfield>
  </datafield>
  <datafield tag="100" ind1="1" ind2=" ">
    <subfield code="a">Smith, John,</subfield>
    <subfield code="d">1580-1631,</subfield>
    <subfield code="0">n  80032759,</subfield>
    <subfield code="e">author.</subfield>
  </datafield>
  <datafield tag="245" ind1="1" ind2="4">
    <subfield code="a">The generall historie of Virginia, New-England, and the Summer Isles :</subfield>
    <subfield code="b">with the names of the adventurers, planters, and governours from their first beginning. an⁰: 1584. to this present 1624. With the procedings of those severall colonies and the accidents that befell them in all their journyes and discoveries. Also the maps and descriptions of all those countryes, their commodities, people, government, customes, and religion yet knowne. Divided into sixe bookes. By Captaine Iohn Smith sometymes governour in those countryes &amp; admirall of New England.</subfield>
  </datafield>
  <datafield tag="260" ind1=" " ind2=" ">
    <subfield code="a">London :</subfield>
    <subfield code="b">Printed by I[ohn]. D[awson]. and I[ohn]. H[aviland]. for Michael Sparkes,</subfield>
    <subfield code="c">1624.</subfield>
  </datafield>
  <datafield tag="300" ind1=" " ind2=" ">
    <subfield code="a">[14], 96, 105-248 p., [6] plates (4 folded) :</subfield>
    <subfield code="b">maps, ports. ;</subfield>
    <subfield code="c">(fol.)</subfield>
  </datafield>
  <datafield tag="336" ind1=" " ind2=" ">
    <subfield code="a">text</subfield>
    <subfield code="b">txt</subfield>
    <subfield code="2">rdacontent</subfield>
  </datafield>
  <datafield tag="337" ind1=" " ind2=" ">
    <subfield code="a">unmediated</subfield>
    <subfield code="b">n</subfield>
    <subfield code="2">rdamedia</subfield>
  </datafield>
  <datafield tag="340" ind1=" " ind2=" ">
    <subfield code="m">folio</subfield>
    <subfield code="2">rdabf</subfield>
  </datafield>
  <datafield tag="340" ind1=" " ind2=" ">
    <subfield code="p">map</subfield>
    <subfield code="p">portrait</subfield>
    <subfield code="2">rdaill</subfield>
  </datafield>
  <datafield tag="500" ind1=" " ind2=" ">
    <subfield code="a">Largely a collected edition of his "A description of New England", "A map of Virginia", "New Englands trials", and "A true relation of such occurrences and accidents of noate as hath hapned in Virginia since the first planting of that collony, which is now resident in the south part thereof, till the last returne from thence".</subfield>
  </datafield>
  <datafield tag="500" ind1=" " ind2=" ">
    <subfield code="a">The title page is engraved and signed: Grauen by Iohn Barra.</subfield>
  </datafield>
  <datafield tag="500" ind1=" " ind2=" ">
    <subfield code="a">"Dawson pr[inted]. )(², A-N⁴. Haviland pr[inted]. P-Ii⁴"--STC.</subfield>
  </datafield>
  <datafield tag="500" ind1=" " ind2=" ">
    <subfield code="a">Some copies have an errata slip.</subfield>
  </datafield>
  <datafield tag="500" ind1=" " ind2=" ">
    <subfield code="a">For details on various states see Sabin.</subfield>
  </datafield>
  <datafield tag="500" ind1=" " ind2=" ">
    <subfield code="a">Entered 12 July [1624].</subfield>
  </datafield>
  <datafield tag="500" ind1=" " ind2=" ">
    <subfield code="a">Signatures: pi1, )(², A-N⁴, P-2I⁴.</subfield>
  </datafield>
  <datafield tag="510" ind1="4" ind2=" ">
    <subfield code="a">Pollard, A.W. Short-title catalogue of books printed in England, Scotland, &amp; Ireland and of English books printed abroad, 1475-1640 (2nd ed.) (STC),</subfield>
    <subfield code="c">22790</subfield>
  </datafield>
  <datafield tag="510" ind1="4" ind2=" ">
    <subfield code="a">Sabin,</subfield>
    <subfield code="c">82823</subfield>
  </datafield>
  <datafield tag="510" ind1="4" ind2=" ">
    <subfield code="a">Carl H. Pforzheimer Library,</subfield>
    <subfield code="c">950</subfield>
  </datafield>
  <datafield tag="510" ind1="4" ind2=" ">
    <subfield code="a">English short title catalogue (ESTC),</subfield>
    <subfield code="c">S111882</subfield>
  </datafield>
  <datafield tag="530" ind1=" " ind2=" ">
    <subfield code="a">Portions also available as a digital reproduction.</subfield>
  </datafield>
  <datafield tag="539" ind1=" " ind2=" ">
    <subfield code="a">MH.</subfield>
  </datafield>
  <datafield tag="583" ind1="0" ind2=" ">
    <subfield code="a">revised</subfield>
    <subfield code="c">2015-08</subfield>
    <subfield code="k">EEW</subfield>
    <subfield code="n">1</subfield>
    <subfield code="o">link</subfield>
    <subfield code="x">Luna</subfield>
    <subfield code="2">local</subfield>
    <subfield code="5">DFo</subfield>
  </datafield>
  <datafield tag="583" ind1="0" ind2=" ">
    <subfield code="a">revised</subfield>
    <subfield code="c">2017-09</subfield>
    <subfield code="k">EEW</subfield>
    <subfield code="n">1</subfield>
    <subfield code="o">link</subfield>
    <subfield code="x">Collation</subfield>
    <subfield code="2">local</subfield>
    <subfield code="5">DFo</subfield>
  </datafield>
  <datafield tag="585" ind1=" " ind2=" ">
    <subfield code="a">Washington, D.C., Folger Shakespeare Library, 1992-1993. New World of Wonders (catalog entry 22)</subfield>
    <subfield code="5">DFo</subfield>
  </datafield>
  <datafield tag="590" ind1=" " ind2=" ">
    <subfield code="a">Curatorial file available.</subfield>
  </datafield>
  <datafield tag="650" ind1=" " ind2="0">
    <subfield code="a">Indians of North America</subfield>
    <subfield code="z">Virginia</subfield>
    <subfield code="0">sh 89002072</subfield>
    <subfield code="v">Early works to 1800.</subfield>
    <subfield code="0">sh 99001366 </subfield>
  </datafield>
  <datafield tag="650" ind1=" " ind2="7">
    <subfield code="a">Indigenous peoples of North America</subfield>
    <subfield code="z">Virginia</subfield>
    <subfield code="0">bslw89002072</subfield>
    <subfield code="v">Early works to 1800.</subfield>
    <subfield code="2">indig</subfield>
  </datafield>
  <datafield tag="651" ind1=" " ind2="0">
    <subfield code="a">Virginia</subfield>
    <subfield code="x">History</subfield>
    <subfield code="y">Colonial period, ca. 1600-1775</subfield>
    <subfield code="0">sh 85143765</subfield>
    <subfield code="v">Early works to 1800.</subfield>
    <subfield code="0">sh 99001366 </subfield>
  </datafield>
  <datafield tag="651" ind1=" " ind2="0">
    <subfield code="a">Virginia</subfield>
    <subfield code="x">Description and travel</subfield>
    <subfield code="0">sh 85143759</subfield>
    <subfield code="v">Early works to 1800.</subfield>
    <subfield code="0">sh 99001366 </subfield>
  </datafield>
  <datafield tag="651" ind1=" " ind2="0">
    <subfield code="a">New England</subfield>
    <subfield code="x">History</subfield>
    <subfield code="y">Colonial period, ca. 1600-1775</subfield>
    <subfield code="0">sh 85091268</subfield>
    <subfield code="v">Early works to 1800.</subfield>
    <subfield code="0">sh 99001366 </subfield>
  </datafield>
  <datafield tag="651" ind1=" " ind2="0">
    <subfield code="a">Bermuda Islands</subfield>
    <subfield code="0">n  79115394</subfield>
    <subfield code="x">History</subfield>
    <subfield code="0">sh 99005024</subfield>
    <subfield code="v">Early works to 1800.</subfield>
    <subfield code="0">sh 99001366 </subfield>
  </datafield>
  <datafield tag="655" ind1=" " ind2="7">
    <subfield code="a">Annotations.</subfield>
    <subfield code="0">cv00102</subfield>
    <subfield code="2">rbmscv</subfield>
    <subfield code="5">DFo</subfield>
  </datafield>
  <datafield tag="700" ind1="1" ind2=" ">
    <subfield code="a">Barra, John,</subfield>
    <subfield code="d">approximately 1574-1634,</subfield>
    <subfield code="0">nr 92010676,</subfield>
    <subfield code="e">printmaker.</subfield>
  </datafield>
  <datafield tag="700" ind1="1" ind2=" ">
    <subfield code="a">Harmsworth, R. Leicester</subfield>
    <subfield code="q">(Robert Leicester),</subfield>
    <subfield code="c">Sir,</subfield>
    <subfield code="d">1870-1937,</subfield>
    <subfield code="0">n  84168033,</subfield>
    <subfield code="e">former owner.</subfield>
    <subfield code="5">DFo</subfield>
  </datafield>
  <datafield tag="752" ind1=" " ind2=" ">
    <subfield code="a">Great Britain</subfield>
    <subfield code="b">England</subfield>
    <subfield code="d">London.</subfield>
    <subfield code="2">naf</subfield>
  </datafield>
  <datafield tag="852" ind1="8" ind2=" ">
    <subfield code="a">US-DFo</subfield>
    <subfield code="b">DeckB-STC</subfield>
    <subfield code="h">STC 22790</subfield>
    <subfield code="z">HH193/1. With errata slip pasted to last page. Manuscript notes to pp. 130-37, 158, 168, 195; with the ports. of the Duchess of Richmond and Pocahontas, the latter inlaid with the inscription cut off; map 1 (Old Virginia) in 4th state; map 2 (Virginia) in 10th state (and backed); map 3 (Summer Isles) in 3rd state; map 4 (New England) in 4th state. Ornately gilt leather binding with all edges gilt. Provenance: covers stamped with arms of James I; Harmsworth copy</subfield>
    <subfield code="7">157861</subfield>
  </datafield>
  <datafield tag="856" ind1="4" ind2="2">
    <subfield code="u">http://collation.folger.edu/2017/09/consuming-new-world/</subfield>
    <subfield code="z">Blog post about Folger Shakespeare Library STC 22790: "Consuming the New World", The Collation (12 September 2017)</subfield>
  </datafield>
  <datafield tag="856" ind1="4" ind2="1">
    <subfield code="u">https://digitalcollections.folger.edu/bib164134-157861</subfield>
    <subfield code="z">Digital image(s) of Folger Shakespeare Library STC 22790</subfield>
  </datafield>
  <datafield tag="856" ind1="4" ind2="1">
    <subfield code="u">https://digitalcollections.folger.edu/bindings_bib164134-157861</subfield>
    <subfield code="z">Bindings collection image(s) of Folger Shakespeare Library STC 22790</subfield>
  </datafield>
  <datafield tag="859" ind1=" " ind2=" ">
    <subfield code="p">N</subfield>
    <subfield code="r">N</subfield>
    <subfield code="l">DFo</subfield>
    <subfield code="v">Y</subfield>
    <subfield code="d">10-22-02</subfield>
    <subfield code="c">blg</subfield>
    <subfield code="b">ST</subfield>
  </datafield>
  <datafield tag="909" ind1="C" ind2="O">
    <subfield code="o">oai:catalog.folger.edu:164134</subfield>
    <subfield code="p">GLOBAL_SET</subfield>
  </datafield>
  <datafield tag="969" ind1=" " ind2=" ">
    <subfield code="a">z</subfield>
    <subfield code="c">n</subfield>
  </datafield>
  <datafield tag="980" ind1=" " ind2=" ">
    <subfield code="a">BIB</subfield>
  </datafield>
  <datafield tag="983" ind1=" " ind2=" ">
    <subfield code="a">Online</subfield>
  </datafield>
  <datafield tag="983" ind1=" " ind2=" ">
    <subfield code="a">Vault</subfield>
  </datafield>
  <datafield tag="998" ind1=" " ind2=" ">
    <subfield code="a">10/22/02</subfield>
    <subfield code="t">c</subfield>
    <subfield code="s">9125</subfield>
    <subfield code="n">DFo</subfield>
    <subfield code="w">ESTCS111882</subfield>
    <subfield code="d">08/18/02</subfield>
    <subfield code="i">021022</subfield>
    <subfield code="l">ESTC</subfield>
  </datafield>
</record>
</collection>